| 000 | 00370nam a2200169Ia 4500 | ||
|---|---|---|---|
| 008 | 210210b1968 xxu||||| |||| 00| 0 eng d | ||
| 041 | _aeng | ||
| 082 | _a928 MORM | ||
| 100 | _aMORAES (Dom) | ||
| 245 | _aMy sons father | ||
| 260 |
_aLondon _bNot Mentioned _c1968 |
||
| 650 | _asons | ||
| 650 | _aMy | ||
| 650 | _afather | ||
| 690 | _aBiography | ||
| 906 | _a026704 | ||
| 999 |
_c142661 _d142661 |
||